Mechanical installations of roof-mounted photovoltaic systems (Record no. 104908)
[ view plain ]
| 000 -LEADER | |
|---|---|
| fixed length control field | 00842cam a2200205 4500 |
| 001 - CONTROL NUMBER | |
| control field | ##L131930 |
| 008 - FIXED-LENGTH DATA ELEMENTS--GENERAL INFORMATION | |
| fixed length control field | 051216n2005 000 0 eng u |
| 020 ## - INTERNATIONAL STANDARD BOOK NUMBER | |
| International Standard Book Number | 1860818692 |
| 035 ## - SYSTEM CONTROL NUMBER | |
| System control number | (Sirsi) u131930 |
| 041 0# - LANGUAGE CODE | |
| Language code of text/sound track or separate title | eng |
| 050 04 - LIBRARY OF CONGRESS CALL NUMBER | |
| Classification number | 697.78 |
| 100 1# - MAIN ENTRY--PERSONAL NAME | |
| Personal name | Blackmore, Paul |
| 245 00 - TITLE STATEMENT | |
| Title | Mechanical installations of roof-mounted photovoltaic systems |
| 260 ## - PUBLICATION, DISTRIBUTION, ETC. | |
| Place of publication, distribution, etc. | Watford |
| Name of publisher, distributor, etc. | BRE |
| Date of publication, distribution, etc. | 2005 |
| 300 ## - PHYSICAL DESCRIPTION | |
| Extent | 6p!bill, diagrams |
| Dimensions | 30cm |
| 490 #0 - SERIES STATEMENT | |
| Series statement | BRE Digest |
| Volume/sequential designation | 495 |
| 520 ## - SUMMARY, ETC. | |
| Summary, etc. | Provides best practice guidance on the installation and use of photovoltaic systems on domestic roofs. Also covers their care, maintenance and inspection, and provides a checklist of the types of PV systems available. |
| 690 ## - LOCAL SUBJECT ADDED ENTRY--TOPICAL TERM (OCLC, RLIN) | |
| Topical term or geographic name as entry element | BUILT ENVIRONMENT-BUILDING ELEMENTS-PARTS OF BUILDING SERVICES ELEMENTS-ENERGY GENERATION, STORAGE AND CONVERSION ELEMENTS |
| 942 ## - ADDED ENTRY ELEMENTS (KOHA) | |
| Suppress in OPAC | 0 |
| Withdrawn status | Lost status | Source of classification or shelving scheme | Damaged status | Not for loan | Home library | Current library | Shelving location | Date acquired | Total Checkouts | Full call number | Barcode | Date last seen | Date last checked out | Copy number | Price effective from | Koha item type |
|---|---|---|---|---|---|---|---|---|---|---|---|---|---|---|---|---|
| Dewey Decimal Classification | London | London | BRE publications | 16/12/2005 | 1 | ENQUIRY DESK | 30071801 | 06/08/2019 | 12/12/2006 | 1 | 06/08/2019 | Book |